[Event "Balkan Youth Online-ch 2020"]
[Site "Online"]
[Date "2020.10.31"]
[Round "7.37"]
[White "Dafa, Sirio"]
[Black "Xheladini, Valton"]
[Result "1/2-1/2"]
[WhiteElo "1004"]
[BlackElo "1440"]
[Annotator "NA RC"]
[PlyCount "172"]
[EventDate "2020.10.31"]
[EventType "swiss"]
[SourceTitle "playchess.com"]
[Source "ChessBase"]
[SourceQuality "1"]

1. e4 c6 2. d4 d5 3. exd5 cxd5 4. Bd3 Nc6 5. c3 Nf6 6. Bf4 Bg4 7. Qb3 Qd7 8. Nd2 Nh5 9. Bg3 Nxg3 10. hxg3 e5 11. f3 Be6 12. Ne2 g6 13. dxe5 Nxe5 14. Bb5 Nc6 15. Nd4 Bg7 16. Kf2 O-O 17. Rh2 h5 18. Qa4 Bxd4+ 19. cxd4 a6 20. Bxc6 Qxc6 21. Qxc6 bxc6 22. Rc1 Rab8 23. b3 Bd7 24. Rc5 Rfe8 25. Rh1 Rb4 26. f4 Rxd4 27. Nf3 Rde4 28. Ne5 Bg4 29. Nxg4 hxg4 30. Rxc6 Re2+ 31. Kg1 Rxa2 32. Kh2 Kg7 33. Rd1 Ree2 34. Rxd5 Rxg2+ 35. Kh1 Rgb2 36. Rd1 Rxb3 37. Rc7 a5 38. Ra7 a4 39. Kg1 Rxg3+ 40. Kh1 Rb3 41. Kg1 a3 42. Kf1 Rc2 43. Ra1 g3 44. R7xa3 Rxa3 45. Rxa3 Rf2+ 46. Kg1 Rxf4 47. Rxg3 f5 48. Rd3 g5 49. Rd6 Rh4 50. Kg2 Rh6 51. Rd5 Rf6 52. Kg3 Kg6 53. Rd8 Kh5 54. Rh8+ Rh6 55. Rf8 f4+ 56. Kf3 Rh7 57. Re8 g4+ 58. Kxf4 Kh4 59. Rg8 Rf7+ 60. Ke3 Kh3 61. Rh8+ Kg2 62. Rh6 g3 63. Ra6 Kh2 64. Ra8 g2 65. Rh8+ Kg1 66. Ke2 Rf2+ 67. Ke1 Rf7 68. Ke2 Rf6 69. Rh7 Rf8 70. Rh6 Re8+ 71. Kd2 Ra8 72. Ke2 Ra2+ 73. Ke1 Ra1+ 74. Ke2 Rf1 75. Rh8 Rf5 76. Rh7 Rf8 77. Rh6 Rg8 78. Rh7 Rg3 79. Rh8 Ra3 80. Rh7 Ra2+ 81. Ke1 Rb2 82. Rh8 Ra2 83. Rh7 Ra1+ 84. Ke2 Rf1 85. Rh8 Rf4 86. Rh7 Rf8 1/2-1/2

[Event "Balkan Youth Online-ch 2020"]
[Site "Online"]
[Date "2020.10.31"]
[Round "7.38"]
[White "Terziev, Dimo"]
[Black "Padurariu, Mihai-Edward"]
[Result "0-1"]
[WhiteElo "2123"]
[BlackElo "2084"]
[Annotator "TA"]
[PlyCount "66"]
[EventDate "2020.10.31"]
[EventType "swiss"]
[SourceTitle "playchess.com"]
[Source "ChessBase"]
[SourceQuality "1"]

1. e4 c6 2. d4 d5 3. exd5 cxd5 4. Bd3 Nc6 5. c3 Nf6 6. Bf4 Bg4 7. Qb3 Qd7 8. Nd2 e6 9. Ngf3 Bxf3 10. Nxf3 a6 11. O-O Be7 12. Ne5 Nxe5 13. dxe5 Ng4 14. h3 Nh6 15. Qc2 g5 16. Be3 Qc7 17. Qd2 Rg8 18. Bxh7 Rg7 19. Bd3 O-O-O 20. Bd4 Bc5 21. Rac1 Kb8 22. b4 Bxd4 23. cxd4 Qb6 24. Rc5 Rh8 25. a4 g4 26. a5 Qd8 27. Rfc1 gxh3 28. g3 Qh4 29. Kh2 Rxg3 30. fxg3 Ng4+ 31. Kh1 Qxg3 32. Rf1 Ne3 33. Rg1 Qg2+ 0-1

[Event "Balkan Youth Online-ch 2020"]
[Site "Online"]
[Date "2020.10.31"]
[Round "7.39"]
[White "Papidakis, Georgios"]
[Black "Vujovic, Savo"]
[Result "0-1"]
[WhiteElo "2135"]
[BlackElo "2118"]
[Annotator "TA"]
[PlyCount "150"]
[EventDate "2020.10.31"]
[EventType "swiss"]
[SourceTitle "playchess.com"]
[Source "ChessBase"]
[SourceQuality "1"]

1. d4 Nf6 2. c4 g6 3. Nc3 Bg7 4. e4 O-O 5. Be2 d6 6. Bg5 c5 7. dxc5 dxc5 8. e5 Nfd7 9. f4 Nc6 10. Nf3 h6 11. Bh4 g5 12. fxg5 Ndxe5 13. Qc1 Nxf3+ 14. Bxf3 Ne5 15. O-O Nd3 16. Qd2 Qd4+ 17. Kh1 Qxh4 18. Qxd3 hxg5 19. g3 Qd4 20. Qe2 Bh3 21. Be4 Bxf1 22. Qh5 Rfd8 23. Rxf1 Qxc4 24. Qh7+ Kf8 25. Rf2 Rd6 26. Kg2 Rh6 27. Qf5 Rf6 28. Qg4 Rxf2+ 29. Kxf2 Rd8 30. Nd5 Bd4+ 31. Kg2 Rxd5 32. b3 Qc3 33. Bxd5 Qc2+ 34. Kh3 Bg1 35. Qxg5 Qxh2+ 36. Kg4 Qe2+ 37. Kh3 Bd4 38. Qf5 e6 39. Qf3 Qxf3 40. Bxf3 b6 41. Kg4 Be5 42. Bc6 Ke7 43. Kf3 Kd6 44. Be8 f5 45. g4 Bh2 46. gxf5 exf5 47. Bb5 Ke5 48. Bd3 Bf4 49. Ke2 Bh6 50. Bc2 Bc1 51. Kd1 Ba3 52. Ke2 f4 53. Kd3 f3 54. Bd1 f2 55. Be2 Kf4 56. Bf1 Kf3 57. Bh3 Kg3 58. Bf1 Kh2 59. Ke2 Kg1 60. Bh3 b5 61. Bf1 c4 62. bxc4 bxc4 63. Bh3 c3 64. Kd3 f1=B+ 65. Bxf1 Kxf1 66. Kxc3 Bc5 67. Kc4 Bg1 68. Kb3 Ke2 69. Kb2 Kd2 70. Kb1 Kc3 71. Kc1 Be3+ 72. Kb1 Bd4 73. Kc1 Kb4 74. Kc2 Ka3 75. Kd3 Bh8 0-1

[Event "Balkan Youth Online-ch 2020"]
[Site "Online"]
[Date "2020.10.31"]
[Round "7.40"]
[White "Stepanencu, Nicodim-Cosmin"]
[Black "Velkoski, Stojan"]
[Result "1-0"]
[WhiteElo "2006"]
[BlackElo "1705"]
[Annotator "TA"]
[PlyCount "73"]
[EventDate "2020.10.31"]
[EventType "swiss"]
[SourceTitle "playchess.com"]
[Source "ChessBase"]
[SourceQuality "1"]

1. e4 e6 2. d4 d5 3. Nd2 c5 4. exd5 Qxd5 5. dxc5 Bxc5 6. Ngf3 Nc6 7. Bc4 Qd7 8. O-O Nge7 9. Ne4 Qxd1 10. Rxd1 b6 11. c3 Ng6 12. Nxc5 bxc5 13. Bb5 Bb7 14. Be3 O-O 15. Rd7 Rab8 16. Rxb7 Rxb7 17. Bxc6 Rxb2 18. h4 Rfb8 19. Be4 c4 20. Bxa7 R8b5 21. a4 Ra5 22. Be3 f5 23. Bc6 Ra6 24. Nd4 Ne5 25. Bb5 Ra5 26. Rd1 f4 27. Bxf4 Ng6 28. Bg3 e5 29. Nc6 Ra8 30. Nxe5 Nxe5 31. Bxe5 Rc8 32. Rd7 Rc5 33. Rxg7+ Kf8 34. Bd6+ Kxg7 35. Bxc5 Rb1+ 36. Kh2 Rc1 37. Bxc4 1-0

[Event "Balkan Youth Online-ch 2020"]
[Site "Online"]
[Date "2020.10.31"]
[Round "7.41"]
[White "Dimov, Nikola"]
[Black "Boci, Petro"]
[Result "0-1"]
[WhiteElo "1771"]
[BlackElo "1434"]
[Annotator "NA RC"]
[PlyCount "57"]
[EventDate "2020.10.31"]
[EventType "swiss"]
[SourceTitle "playchess.com"]
[Source "ChessBase"]
[SourceQuality "1"]

1. e4 c5 2. Nf3 Nc6 3. d4 cxd4 4. Nxd4 Nf6 5. Nc3 e5 6. Ndb5 d6 7. Bg5 a6 8. Bxf6 gxf6 9. Na3 f5 10. Qh5 b5 11. Nd5 fxe4 12. O-O-O Be6 13. Kb1 Bg7 14. Qe2 Ne7 15. Nxe7 Qxe7 16. Qxe4 d5 17. Qf3 e4 18. Qg3 O-O 19. c3 b4 20. cxb4 Qxb4 21. Qb3 Qa5 22. Qe3 Rab8 23. Rd2 d4 24. Rxd4 Bxd4 25. Qxd4 Qxa3 26. Qe5 Qxa2+ 27. Kc1 Rfc8+ 28. Kd1 Qb1+ 29. Kd2 0-1

[Event "Balkan Youth Online-ch 2020"]
[Site "Online"]
[Date "2020.10.31"]
[Round "7.42"]
[White "Magold, Victor"]
[Black "Vaupot, Luka"]
[Result "1-0"]
[WhiteElo "2045"]
[BlackElo "2010"]
[Annotator "TA"]
[PlyCount "61"]
[EventDate "2020.10.31"]
[EventType "swiss"]
[SourceTitle "playchess.com"]
[Source "ChessBase"]
[SourceQuality "1"]

1. d4 Nf6 2. Nf3 g6 3. g3 Bg7 4. Bg2 O-O 5. O-O d5 6. Nbd2 Bf5 7. Nh4 c5 8. Nxf5 gxf5 9. dxc5 Ne4 10. c4 Nc6 11. cxd5 Nxd2 12. Bxd2 Na5 13. Qc2 b5 14. Bc3 Nc4 15. Bxg7 Kxg7 16. b3 Ne5 17. Qxf5 Ng6 18. h4 Re8 19. h5 Nf8 20. Rfd1 Rc8 21. Rd4 Nd7 22. Rg4+ Kh8 23. Qxf7 Rg8 24. Rxg8+ Qxg8 25. Qxg8+ Rxg8 26. c6 Nb6 27. Rc1 Rc8 28. c7 Kg7 29. Bh3 Rf8 30. h6+ Kh8 31. c8=Q 1-0

[Event "Balkan Youth Online-ch 2020"]
[Site "Online"]
[Date "2020.10.31"]
[Round "7.43"]
[White "Cani, Dejvi"]
[Black "Filippovskiy Nikita"]
[Result "1-0"]
[WhiteElo "1188"]
[BlackElo "1534"]
[Annotator "NA RC"]
[PlyCount "108"]
[EventDate "2020.10.31"]
[EventType "swiss"]
[SourceTitle "playchess.com"]
[Source "ChessBase"]
[SourceQuality "1"]

1. e4 c5 2. Nf3 Nc6 3. d4 cxd4 4. Nxd4 g6 5. Be3 Bg7 6. Nxc6 bxc6 7. Nc3 Nf6 8. Bc4 O-O 9. O-O Nxe4 10. Nxe4 d5 11. Bxd5 cxd5 12. Nc3 d4 13. Qf3 Ba6 14. Rfd1 Qb6 15. Nd5 Qxb2 16. Nxe7+ Kh8 17. Rab1 Qxc2 18. Rbc1 Qe2 19. Bxd4 Qxe7 20. Bxg7+ Kxg7 21. Re1 Rac8 22. Rcd1 Qb7 23. Qg3 Rfe8 24. Rxe8 Rxe8 25. Qc3+ f6 26. h3 Qc8 27. Qb4 Qc6 28. Qg4 Re7 29. Qb4 Rd7 30. Re1 Bb7 31. f3 Qb6+ 32. Qxb6 axb6 33. Re6 Bd5 34. Rxb6 Bxa2 35. Kf2 Re7 36. Kg3 g5 37. h4 h6 38. hxg5 hxg5 39. Ra6 Bc4 40. Ra3 Re2 41. f4 gxf4+ 42. Kxf4 Rxg2 43. Rc3 Be2 44. Rc2 Rg4+ 45. Kf5 Bd3+ 46. Kxg4 Bxc2 47. Kf4 Kg6 48. Ke3 Kg5 49. Kf2 Kf4 50. Kf1 Kf3 51. Kg1 f5 52. Kf1 f4 53. Ke1 Kg2 54. Ke2 f3+ 1-0

[Event "Balkan Youth Online-ch 2020"]
[Site "Online"]
[Date "2020.10.31"]
[Round "7.46"]
[White "Eftovski, Mateo"]
[Black "Gavrilescu, David"]
[Result "0-1"]
[WhiteElo "1818"]
[BlackElo "2476"]
[Annotator "TA"]
[PlyCount "68"]
[EventDate "2020.10.31"]
[EventType "swiss"]
[SourceTitle "playchess.com"]
[Source "ChessBase"]
[SourceQuality "1"]

1. d4 d5 2. c4 e6 3. Nc3 Bb4 4. Nf3 Nf6 5. Qa4+ Nc6 6. e3 O-O 7. Bd2 dxc4 8. Bxc4 Bd6 9. O-O e5 10. Qc2 a6 11. h3 h6 12. Rad1 Qe7 13. Nd5 Nxd5 14. Bxd5 exd4 15. Bxc6 dxe3 16. Bxe3 bxc6 17. Rfe1 Qf6 18. Bd4 Qf5 19. Qc3 Rb8 20. a3 Be6 21. Nd2 Qg6 22. Be5 Bd5 23. f3 Rfe8 24. Bxd6 cxd6 25. Nc4 Rxe1+ 26. Rxe1 Bxc4 27. Qxc4 Rxb2 28. Re2 Rb1+ 29. Kh2 d5 30. Qc5 h5 31. h4 Rb5 32. Qe7 Qf6 33. Qe8+ Kh7 34. Re5 Qxh4+ 0-1

[Event "Balkan Youth Online-ch 2020"]
[Site "Online"]
[Date "2020.10.31"]
[Round "7.47"]
[White "Alivodic, Dario"]
[Black "Akdag, Omer Amir"]
[Result "1-0"]
[WhiteElo "2093"]
[BlackElo "1970"]
[Annotator "TA"]
[PlyCount "63"]
[EventDate "2020.10.31"]
[EventType "swiss"]
[SourceTitle "playchess.com"]
[Source "ChessBase"]
[SourceQuality "1"]

1. d4 Nf6 2. c4 g6 3. Nc3 Bg7 4. e4 d6 5. Nge2 e5 6. d5 O-O 7. Ng3 Ne8 8. h4 f5 9. exf5 gxf5 10. Bg5 Qd7 11. h5 h6 12. Bh4 f4 13. Nge4 Qg4 14. Be2 Qxg2 15. Bf3 Bg4 16. Bxg2 Bxd1 17. Rxd1 f3 18. Bh3 Na6 19. Be6+ Kh8 20. Rd3 Nc5 21. Nxc5 dxc5 22. Ne4 Nd6 23. Nxd6 cxd6 24. b3 e4 25. Re3 Rf4 26. Bg3 Rff8 27. Bxd6 Bd4 28. Rxe4 Rfe8 29. Rg1 a5 30. Rxd4 cxd4 31. Be5+ Kh7 32. Bf5# 1-0

[Event "Balkan Youth Online-ch 2020"]
[Site "Online"]
[Date "2020.10.31"]
[Round "7.48"]
[White "Omorjan, Dejan"]
[Black "Karousos-Theodorakis, Nikolaos"]
[Result "1-0"]
[WhiteElo "2259"]
[BlackElo "2244"]
[Annotator "TA"]
[PlyCount "111"]
[EventDate "2020.10.31"]
[EventType "swiss"]
[SourceTitle "playchess.com"]
[Source "ChessBase"]
[SourceQuality "1"]

1. Nf3 c5 2. b3 Nc6 3. Bb2 Nf6 4. g3 g6 5. Bg2 Bg7 6. O-O O-O 7. c4 d6 8. d4 cxd4 9. Nxd4 Bd7 10. Nc3 Nxd4 11. Qxd4 Bc6 12. Nd5 Bxd5 13. Bxd5 Qc7 14. Rfc1 Rfd8 15. Qd2 a5 16. Bf3 Rac8 17. Bc3 b6 18. h4 Nd7 19. h5 Qc5 20. h6 Bf6 21. Bd5 Kf8 22. Qf4 e5 23. Qf3 Ke7 24. a3 Rf8 25. b4 Qc7 26. Bd2 Bh8 27. Rab1 axb4 28. axb4 f5 29. c5 dxc5 30. bxc5 Nxc5 31. Rxc5 bxc5 32. Rb7 e4 33. Bxe4 fxe4 34. Qxe4+ Kd6 35. Bf4+ Rxf4 36. Qxf4+ Be5 37. Qd2+ Kc6 38. Rxc7+ Rxc7 39. f4 Bf6 40. Kg2 c4 41. Qa5 c3 42. Qa6+ Kd7 43. Qxf6 c2 44. Qg7+ Kc8 45. Qh8+ Kb7 46. Qb2+ Ka6 47. Qc1 Kb5 48. Kf2 Kb4 49. e4 Kb3 50. Ke2 Rc3 51. Kd2 Rc7 52. e5 Rd7+ 53. Ke2 Rd4 54. Qe3+ Kc4 55. Qxd4+ Kxd4 56. Kd2 1-0

[Event "Balkan Youth Online-ch 2020"]
[Site "Online"]
[Date "2020.10.31"]
[Round "7.49"]
[White "Iustin, Silviu"]
[Black "Miletic, Vuk"]
[Result "1/2-1/2"]
[WhiteElo "1998"]
[BlackElo "2106"]
[Annotator "TA"]
[PlyCount "150"]
[EventDate "2020.10.31"]
[EventType "swiss"]
[SourceTitle "playchess.com"]
[Source "ChessBase"]
[SourceQuality "1"]

1. e4 c5 2. Nc3 g6 3. f4 Bg7 4. Nf3 Nc6 5. Bb5 Nd4 6. O-O Nxb5 7. Nxb5 d5 8. e5 a6 9. Nc3 Bg4 10. d3 e6 11. h3 Bxf3 12. Qxf3 h5 13. g3 Ne7 14. Ne2 Nf5 15. Be3 Rc8 16. Bf2 Qb6 17. b3 Nd4 18. Nxd4 cxd4 19. c4 Rd8 20. Rac1 O-O 21. cxd5 Rxd5 22. Rc4 Rfd8 23. Rfc1 Bf8 24. g4 hxg4 25. Qxg4 Rc5 26. h4 Rxc4 27. Rxc4 Bg7 28. h5 Kh7 29. hxg6+ fxg6 30. Qh4+ Kg8 31. Qe7 Bf8 32. Qf6 Rd7 33. Kf1 Rf7 34. Qxg6+ Bg7 35. Rc8+ Rf8 36. Rxf8+ Kxf8 37. f5 Bxe5 38. fxe6 Qc7 39. Qf5+ Ke8 40. Ke2 Bg7 41. Qf7+ Qxf7 42. exf7+ Kxf7 43. Kf3 Ke6 44. Ke4 Kd6 45. Bxd4 Bh6 46. Bc3 Bg5 47. Bb4+ Ke6 48. d4 Bf6 49. d5+ Kd7 50. Kd3 Be5 51. a4 Bf6 52. Kc4 Bh4 53. Bd2 Bf2 54. Bf4 Bb6 55. Be5 Bd8 56. Kc5 Ba5 57. Bf6 Bc7 58. Bc3 Bd8 59. Be5 Ba5 60. Bf4 Bd8 61. b4 Bh4 62. Kb6 Kc8 63. Be3 Kb8 64. b5 Bd8+ 65. Kc5 Kc7 66. bxa6 bxa6 67. Bf4+ Kd7 68. Bd2 Bc7 69. Be1 Bd8 70. d6 Bg5 71. Kb6 Kxd6 72. Kxa6 Kc6 73. Ka7 Bd8 74. Ka6 Bb6 75. Bg3 Ba5 1/2-1/2

[Event "Balkan Youth Online-ch 2020"]
[Site "Online"]
[Date "2020.10.31"]
[Round "7.50"]
[White "Tisaj, Domen"]
[Black "David, Bogdan-Emanuel"]
[Result "0-1"]
[WhiteElo "2274"]
[BlackElo "2092"]
[Annotator "TA"]
[PlyCount "106"]
[EventDate "2020.10.31"]
[EventType "swiss"]
[SourceTitle "playchess.com"]
[Source "ChessBase"]
[SourceQuality "1"]

1. e4 c5 2. Nf3 Nc6 3. d4 cxd4 4. Nxd4 e5 5. Nb5 d6 6. c4 Be7 7. N1c3 a6 8. Na3 Be6 9. Be3 Bg5 10. Nc2 Bxe3 11. Nxe3 Nf6 12. Be2 O-O 13. O-O Rc8 14. Qd2 Nd4 15. Rfd1 Qc7 16. Rac1 Rfd8 17. Bd3 b6 18. Ne2 Nxe2+ 19. Qxe2 Qb7 20. b4 Rc7 21. Nd5 Bxd5 22. cxd5 b5 23. Ra1 Qb6 24. a4 Qd4 25. Bxb5 Qxb4 26. Bc6 a5 27. Rab1 Qxe4 28. Qa6 g6 29. Qxa5 Rdc8 30. g3 Re7 31. Qb6 Qf3 32. a5 Ne4 33. Rf1 Nd2 34. a6 Nxf1 35. Rxf1 Qa3 36. Rb1 Kg7 37. Rb3 Qa1+ 38. Kg2 Rcc7 39. Rb1 Qa3 40. Rb4 e4 41. Qd4+ f6 42. Ra4 Qf3+ 43. Kg1 e3 44. Ra1 Qxf2+ 45. Kh1 Qd2 46. Qf4 Qb2 47. Re1 e2 48. Qf2 Qd2 49. Kg1 Re5 50. h4 Qa2 51. Bb7 Rce7 52. Qb6 Qd2 53. Qf2 Rf5 0-1

[Event "Balkan Youth Online-ch 2020"]
[Site "Online"]
[Date "2020.10.31"]
[Round "7.52"]
[White "Triantos, Konstantinos"]
[Black "Sukovic, Darko"]
[Result "1/2-1/2"]
[WhiteElo "2210"]
[BlackElo "1938"]
[Annotator "TA"]
[PlyCount "285"]
[EventDate "2020.10.31"]
[EventType "swiss"]
[SourceTitle "playchess.com"]
[Source "ChessBase"]
[SourceQuality "1"]

1. e4 c6 2. d4 d5 3. exd5 cxd5 4. Bd3 Nc6 5. c3 Nf6 6. h3 e6 7. Nf3 Bd6 8. O-O Bd7 9. Bg5 Qc7 10. Qd2 h6 11. Be3 g5 12. Re1 g4 13. hxg4 Nxg4 14. Bb5 O-O-O 15. Bxc6 Bxc6 16. Ne5 Bxe5 17. dxe5 Qxe5 18. Bf4 Qg7 19. f3 Nf6 20. Qd4 Rdg8 21. Re2 Nh5 22. Be5 f6 23. Bh2 Ng3 24. Bxg3 Qxg3 25. Qxf6 Bd7 26. Nd2 Rf8 27. Qe5 Rhg8 28. Qxg3 Rxg3 29. Kh2 Rfg8 30. Rg1 R3g5 31. g3 e5 32. Nb3 b6 33. Nc1 Bb5 34. Rd2 e4 35. f4 Rh5+ 36. Kg2 Rf5 37. Kf2 h5 38. Ke3 Rg4 39. Rh2 Rfxf4 40. gxf4 Rxg1 41. Nb3 Rg3+ 42. Kd4 Rd3+ 43. Ke5 e3 44. f5 Rd1 45. Nd4 Rd2 46. Rxh5 e2 47. Nf3 Rd1 48. f6 e1=Q+ 49. Nxe1 Rxe1+ 50. Kxd5 Rf1 51. Rh8+ Kd7 52. Rh7+ Ke8 53. Rxa7 Rxf6 54. c4 Bd7 55. Ra6 Kd8 56. b4 Kc7 57. Ra7+ Kc8 58. Ra8+ Kb7 59. Rh8 Kc7 60. Rh2 Rf5+ 61. Ke4 Rg5 62. Re2 Rg4+ 63. Kd3 Bf5+ 64. Kc3 Rg3+ 65. Kd4 Rd3+ 66. Ke5 Bd7 67. Rc2 Kc6 68. a4 Ra3 69. c5 Rxa4 70. cxb6+ Kxb6 71. Rc4 Kb5 72. Rh4 Ra1 73. Kd6 Rd1+ 74. Ke5 Re1+ 75. Kd5 Be6+ 76. Kd6 Bc4 77. Rh5+ Kxb4 78. Rh6 Kb5 79. Rh5+ Kb6 80. Rh6 Rd1+ 81. Ke5+ Kc5 82. Rh8 Re1+ 83. Kf4 Kd4 84. Rd8+ Bd5 85. Rb8 Rf1+ 86. Kg5 Ke5 87. Rb5 Rg1+ 88. Kh5 Ke6 89. Kh4 Be4 90. Rg5 Rh1+ 91. Kg3 Rg1+ 92. Kf4 Bf5 93. Rxg1 Bc2 94. Ra1 Kd5 95. Ra5+ Kc4 96. Ke3 Kb4 97. Rd5 Kc4 98. Rd8 Bf5 99. Rf8 Bb1 100. Rc8+ Kd5 101. Ra8 Bg6 102. Ra5+ Kc4 103. Rg5 Bb1 104. Rg4+ Kd5 105. Rd4+ Ke5 106. Rb4 Bh7 107. Rb5+ Kd6 108. Kd4 Kc6 109. Rc5+ Kd6 110. Rh5 Bb1 111. Rh6+ Ke7 112. Ke5 Kf7 113. Rf6+ Ke7 114. Rb6 Bc2 115. Rb7+ Kf8 116. Kf6 Ke8 117. Ke6 Kf8 118. Rf7+ Ke8 119. Rf3 Kd8 120. Kd6 Ke8 121. Ke6 Kd8 122. Rc3 Bb1 123. Rc1 Ba2+ 124. Kd6 Ke8 125. Rf1 Bb3 126. Rf2 Bc4 127. Rf3 Ba2 128. Ra3 Bc4 129. Ra7 Kf8 130. Ke5 Kg8 131. Kf6 Kh8 132. Rd7 Bb3 133. Rc7 Bd5 134. Kg6 Be4+ 135. Kh6 Bd5 136. Rc3 Ba2 137. Rc7 Bd5 138. Kg6 Be4+ 139. Kf7 Bd5+ 140. Kf8 Be4 141. Rc4 Bg6 142. Rg4 Bf5 143. Rh4+ 1/2-1/2

[Event "Balkan Youth Online-ch 2020"]
[Site "Online"]
[Date "2020.10.31"]
[Round "7.54"]
[White "Beber, Anja"]
[Black "Ciocirlan, Bianca-Alexandra"]
[Result "0-1"]
[WhiteElo "1285"]
[BlackElo "1038"]
[Annotator "NA RC"]
[PlyCount "64"]
[EventDate "2020.10.31"]
[EventType "swiss"]
[SourceTitle "playchess.com"]
[Source "ChessBase"]
[SourceQuality "1"]

1. e4 e5 2. Nf3 Nc6 3. Bc4 Nf6 4. Ng5 d5 5. exd5 Nxd5 6. Nxf7 Kxf7 7. Qf3+ Ke6 8. Nc3 Ncb4 9. O-O c6 10. d4 Qf6 11. Qg3 exd4 12. Bg5 Bd6 13. Rfe1+ Kf7 14. Bxd5+ cxd5 15. Qh4 Qg6 16. Nb5 Nxc2 17. Nxd6+ Qxd6 18. Qh5+ g6 19. Qf3+ Bf5 20. Bf4 Nxe1 21. Rxe1 Qc6 22. g4 Be4 23. Qg3 Rhe8 24. Bg5 Kg7 25. Rc1 Qe6 26. Rc7+ Kg8 27. Qh4 h5 28. gxh5 Bf3 29. h3 Qe1+ 30. Kh2 Qh1+ 31. Kg3 Qg2+ 32. Kf4 Re4# 0-1

[Event "Balkan Youth Online-ch 2020"]
[Site "Online"]
[Date "2020.10.31"]
[Round "7.56"]
[White "Siskou, Evangelia"]
[Black "Yurt, Nehir"]
[Result "1-0"]
[WhiteElo "1339"]
[BlackElo "1230"]
[Annotator "NA RC"]
[PlyCount "175"]
[EventDate "2020.10.31"]
[EventType "swiss"]
[SourceTitle "playchess.com"]
[Source "ChessBase"]
[SourceQuality "1"]

1. e4 e5 2. Nf3 Nc6 3. Bb5 a6 4. Ba4 Be7 5. O-O Nf6 6. Re1 b5 7. Bb3 h6 8. c3 O-O 9. d4 d6 10. h3 Bb7 11. Nbd2 Re8 12. Nf1 exd4 13. cxd4 d5 14. e5 Nh7 15. Ne3 Na5 16. Bc2 Nc4 17. Nxc4 dxc4 18. Bb1 Bb4 19. Nd2 Ng5 20. h4 Ne6 21. a3 Bxd2 22. Bxd2 Qxd4 23. Qc2 Nf8 24. Bc3 Qxh4 25. Re3 Re6 26. Rg3 Rd8 27. Ba2 Qe4 28. Qc1 Rd3 29. f3 Qe3+ 30. Qxe3 Rxe3 31. Kf2 Rd3 32. Rh1 Ng6 33. Bb1 Rd7 34. Bf5 Rde7 35. Bxe6 Rxe6 36. Re1 Nf4 37. Kg1 Nd3 38. Re3 Nf4 39. Bd2 Nd3 40. Bc3 Nf4 41. Kf1 Nd3 42. Ke2 Nf4+ 43. Kd2 Re7 44. Kc2 Kf8 45. Bb4 Ke8 46. Bxe7 Kxe7 47. Rxg7 Ne6 48. Rg3 Nd4+ 49. Kb1 Nf5 50. f4 Nxe3 51. Rxe3 Bxg2 52. Rg3 Bf1 53. Kc1 Be2 54. Kd2 Bh5 55. Rh3 Bg6 56. Rxh6 Ke6 57. Rh2 c6 58. Kc3 a5 59. Kd4 f6 60. exf6 Kxf6 61. Kc5 Be4 62. Rf2 Kf5 63. Kd4 a4 64. Re2 Bd5 65. Re5+ Kxf4 66. Rxd5 cxd5 67. Kxd5 Ke3 68. Kc5 Kd3 69. Kxb5 Kd4 70. Kxa4 Kd3 71. Kb4 Kd4 72. a4 Kd5 73. a5 Kc6 74. Kxc4 Kb7 75. Kb5 Ka7 76. a6 Kb8 77. Kb6 Ka8 78. b4 Kb8 79. b5 Ka8 80. Kc7 Ka7 81. b6+ Kxa6 82. b7 Ka5 83. b8=Q Ka4 84. Kc6 Ka3 85. Kc5 Ka2 86. Kc4 Ka1 87. Kc3 Ka2 88. Qb2# 1-0

[Event "Balkan Youth Online-ch 2020"]
[Site "Online"]
[Date "2020.10.31"]
[Round "7.57"]
[White "Bagas, Ana"]
[Black "Kontogianni, Vasiliki"]
[Result "0-1"]
[WhiteElo "1589"]
[BlackElo "1144"]
[Annotator "NA RC"]
[PlyCount "76"]
[EventDate "2020.10.31"]
[EventType "swiss"]
[SourceTitle "playchess.com"]
[Source "ChessBase"]
[SourceQuality "1"]

1. e4 c5 2. Nf3 d6 3. c3 Nf6 4. h3 Nfd7 5. Bd3 Nc6 6. Bc2 g6 7. d4 cxd4 8. cxd4 Bg7 9. Nc3 Qb6 10. Be3 Qd8 11. Qd2 O-O 12. Bh6 Nb6 13. b3 Nb4 14. Bxg7 Kxg7 15. h4 h5 16. d5 Nxc2+ 17. Qxc2 Bg4 18. Ng5 f6 19. Ne6+ Bxe6 20. dxe6 Qc8 21. g4 hxg4 22. h5 Rh8 23. h6+ Rxh6 24. Rxh6 Kxh6 25. O-O-O Qxe6 26. Rh1+ Kg7 27. f4 gxf3 28. Qh2 Qg8 29. Nd5 Nxd5 30. exd5 Rc8+ 31. Kb2 Rc5 32. Qf4 Rxd5 33. Qxf3 Rd2+ 34. Ka3 Qd5 35. Qc3 Qd3 36. Qc8 Qa6+ 37. Kb4 Qb6+ 38. Ka3 Qa5# 0-1

[Event "Balkan Youth Online-ch 2020"]
[Site "Online"]
[Date "2020.10.31"]
[Round "7.63"]
[White "Rasheva, Nora"]
[Black "Tirpan, Ceren"]
[Result "1-0"]
[WhiteElo "1588"]
[BlackElo "1379"]
[Annotator "NA RC"]
[PlyCount "139"]
[EventDate "2020.10.31"]
[EventType "swiss"]
[SourceTitle "playchess.com"]
[Source "ChessBase"]
[SourceQuality "1"]

1. b3 e5 2. Bb2 Nc6 3. e3 d5 4. Nf3 Bd6 5. d4 exd4 6. Nxd4 Nxd4 7. Bxd4 Nf6 8. Be2 Be6 9. O-O O-O 10. Nd2 c6 11. c4 dxc4 12. Nxc4 Be7 13. Bb2 Qxd1 14. Rfxd1 Rfd8 15. Kf1 b6 16. Ne5 Bd5 17. f3 c5 18. Bc4 Bxc4+ 19. bxc4 Kf8 20. Ke2 Rac8 21. Rd3 Rxd3 22. Nxd3 a6 23. Bxf6 Bxf6 24. Rb1 Rc6 25. Nf4 Rd6 26. Nd5 Bd8 27. e4 f6 28. a4 Ke8 29. Ke3 Kd7 30. a5 Kc8 31. axb6 Kb7 32. Kd3 Bxb6 33. Kc3 Ka7 34. Nxb6 Rxb6 35. Rxb6 Kxb6 36. f4 g5 37. g3 h5 38. h4 Kc6 39. Kb3 gxf4 40. gxf4 Kb6 41. Ka4 a5 42. e5 fxe5 43. fxe5 Kc6 44. Kxa5 Kd7 45. Kb5 Ke6 46. Kxc5 Kxe5 47. Kb6 Kf4 48. c5 Kg4 49. c6 Kxh4 50. c7 Kg3 51. c8=Q h4 52. Qc3+ Kg2 53. Qd2+ Kg3 54. Qe3+ Kg2 55. Qe2+ Kg3 56. Qe1+ Kg4 57. Qh1 Kg3 58. Kc5 h3 59. Kd4 h2 60. Ke3 Kg4 61. Qxh2 Kg5 62. Qf4+ Kg6 63. Qe5 Kf7 64. Qd6 Kg7 65. Qe6 Kf8 66. Qd7 Kg8 67. Qe7 Kh8 68. Kf4 Kg8 69. Kg5 Kh8 70. Kg6 1-0

[Event "Balkan Youth Online-ch 2020"]
[Site "Online"]
[Date "2020.10.31"]
[Round "7.65"]
[White "Gkoutzouki, Aikaterini Argyro"]
[Black "Pirvan, Maria"]
[Result "1-0"]
[WhiteElo "1380"]
[BlackElo "1484"]
[Annotator "NA RC"]
[PlyCount "151"]
[EventDate "2020.10.31"]
[EventType "swiss"]
[SourceTitle "playchess.com"]
[Source "ChessBase"]
[SourceQuality "1"]

1. d4 Nf6 2. Nf3 g6 3. g3 Bg7 4. Bg2 O-O 5. O-O d5 6. c3 c5 7. e3 Nc6 8. Nbd2 Bf5 9. Nb3 c4 10. Nbd2 Ne4 11. Nxe4 Bxe4 12. b3 b5 13. Bb2 Rc8 14. Nd2 Bxg2 15. Kxg2 e5 16. f4 exd4 17. exd4 Qd7 18. Nf3 f6 19. b4 Ne7 20. Bc1 Rfe8 21. a4 a6 22. Nh4 Rcd8 23. Ra2 Nc8 24. a5 Nd6 25. Qc2 Re7 26. Nf3 Rde8 27. Rf2 Ne4 28. Re2 Qg4 29. Ng1 h5 30. Re3 h4 31. h3 Qd7 32. g4 Kh7 33. Rf3 Ng3 34. Rf2 Re1 35. Bd2 R1e7 36. Ra1 Re4 37. Rd1 Qe7 38. Bc1 Re1 39. Rxe1 Qxe1 40. Bd2 Qe7 41. Rf3 Bh6 42. Re3 Qd7 43. Rxe8 Qxe8 44. g5 fxg5 45. fxg5 Bg7 46. Bf4 Qe1 47. Qc1 Qe4+ 48. Kf2 Nh1+ 49. Kf1 Qd3+ 50. Kg2 Qe4+ 51. Kf1 Ng3+ 52. Kf2 Nh5 53. Ne2 Nxf4 54. Qxf4 Qh1 55. Qf3 Qh2+ 56. Qg2 Qd6 57. Qg4 Qh2+ 58. Ke3 Qd6 59. Qxh4+ Kg8 60. Kf3 Qf8+ 61. Qf4 Qc8 62. Qg4 Qf8+ 63. Nf4 Qd8 64. Qe6+ Kh8 65. Qxd5 Qe8 66. Qe6 Qa8+ 67. Qe4 Qc8 68. Qxg6 Qb7+ 69. Qe4 Qc8 70. Ne6 Qd7 71. Qf5 Qb7+ 72. Qe4 Qf7+ 73. Nf4 Qf8 74. Kg3 Qc8 75. Ng6+ Kh7 76. Ne7+ 1-0

[Event "Balkan Youth Online-ch 2020"]
[Site "Online"]
[Date "2020.10.31"]
[Round "7.68"]
[White "Davitkova, Jovana"]
[Black "Stankovic, Andrea"]
[Result "1-0"]
[WhiteElo "1227"]
[BlackElo "1534"]
[Annotator "NA RC"]
[PlyCount "65"]
[EventDate "2020.10.31"]
[EventType "swiss"]
[SourceTitle "playchess.com"]
[Source "ChessBase"]
[SourceQuality "1"]

1. e4 e6 2. d4 d5 3. exd5 exd5 4. Bd3 c5 5. c3 Nf6 6. h3 h6 7. Bf4 Be7 8. Nf3 O-O 9. O-O Nc6 10. Nbd2 cxd4 11. Nxd4 Nxd4 12. cxd4 Qb6 13. Nb3 Bd7 14. Be5 Rac8 15. Rc1 Ba4 16. Bc2 Bb4 17. Qd3 Bb5 18. Qf5 g6 19. Qxf6 Qxf6 20. Bxf6 Bxf1 21. Kxf1 Rc6 22. Be5 Rfc8 23. Nc5 Bxc5 24. Ba4 Ra6 25. Bb3 Re8 26. Rxc5 Rae6 27. Bxd5 R6e7 28. g3 Rd7 29. Bb3 Rde7 30. Ba4 Rd8 31. Bf6 Re4 32. Bxd8 Rxd4 33. Bf6 1-0